| 000 | 00564nam a2200217 i 4500 | ||
|---|---|---|---|
| 001 | bg | ||
| 100 | 1 | _aKIMURA, Ken-Ichi | |
| 245 | 0 |
_aScientific basis of air conditioning / _cby Ken-Ichi Kimura. |
|
| 260 |
_aLondon : _bApplied Science, _c1977. |
||
| 490 | 1 | _aArchitectural Science Series | |
| 650 | 9 | _aBudownictwo | |
| 650 | 9 | _aKlimatyzacja | |
| 830 | _aArchitectural Science Series | ||
| 020 | _a0853347328 | ||
| 040 | _cBPK | ||
| 041 | _apol | ||
| 080 | _a69 | ||
| 920 | _a0-85334-732-8 | ||
| 942 | _cKS | ||
| 008 | s pl f |000 0 pol | ||
| 999 |
_c21054 _d21054 |
||
| 856 |
_uhttp://koha.tu.koszalin.pl/cgi-bin/koha/opac-detail.pl?biblionumber=21054 _yKatalog online BPK |
||